| 000 | 00628nam a2200205 a 4500 | ||
|---|---|---|---|
| 001 | 13915 | ||
| 003 | CO-ViMGA | ||
| 008 | 141112s2004 ck r 000 u spa d | ||
| 020 | _a8480131284 | ||
| 040 |
_aCO-ViMGA _bspa _cCO-ViMGA |
||
| 082 | 0 | 4 | _a611.73 C157 |
| 100 | 1 |
_aCanto, Ramon; Jimenez, Javier _920288 |
|
| 245 | 1 | 0 |
_aLa Columna vertebral en la edad escolar : _bla postura correcta, prevencion y educación |
| 260 |
_aMadrid : _bGymnos, _c1998 |
||
| 300 | _a309 | ||
| 590 | _aForma de adquisición : COMPRA | ||
| 650 | 1 | 4 |
_aCOLUMNA VERTEBRAL - PREVENCION _920289 |
| 650 | 1 | 4 |
_aMEDICINA DEPORTIVA _93224 |
| 942 |
_2ddc _cBK |
||
| 999 |
_c24617 _d24617 |
||